Lender's independent monitoring surveyor (Record no. 115353)
[ view plain ]
| 000 -LEADER | |
|---|---|
| fixed length control field | 01983cam a22003855a 4500 |
| 001 - CONTROL NUMBER | |
| control field | L158512 115353 |
| 005 - DATE AND TIME OF LATEST TRANSACTION | |
| control field | 20250929141839.0 |
| 008 - FIXED-LENGTH DATA ELEMENTS--GENERAL INFORMATION | |
| fixed length control field | 081030s2015 xxk f v 000 0 eng d |
| 020 ## - INTERNATIONAL STANDARD BOOK NUMBER | |
| International Standard Book Number | 9781783210923 |
| 035 ## - SYSTEM CONTROL NUMBER | |
| System control number | (Sirsi) u158512 |
| 041 0# - LANGUAGE CODE | |
| Language code of text/sound track or separate title | eng |
| 050 04 - LIBRARY OF CONGRESS CALL NUMBER | |
| Classification number | 692.5 $2 18 |
| 110 2# - MAIN ENTRY--CORPORATE NAME | |
| Corporate name or jurisdiction name as entry element | Royal Institution of Chartered Surveyors |
| 9 (RLIN) | 4900 |
| 245 00 - TITLE STATEMENT | |
| Title | Lender's independent monitoring surveyor |
| Medium | [electronic resource] |
| 260 ## - PUBLICATION, DISTRIBUTION, ETC. | |
| Place of publication, distribution, etc. | London |
| Name of publisher, distributor, etc. | RICS |
| Date of publication, distribution, etc. | 2015 |
| 300 ## - PHYSICAL DESCRIPTION | |
| Extent | 28 p. |
| 490 #0 - SERIES STATEMENT | |
| Series statement | RICS Guidance Note |
| 490 #0 - SERIES STATEMENT | |
| Series statement | RICS Practice Information |
| 490 #0 - SERIES STATEMENT | |
| Series statement | RICS Black Book |
| 520 ## - SUMMARY, ETC. | |
| Summary, etc. | Has been developed to support the work of chartered surveyors who assess risks and provide technical advice to those who provide third-party finance on real estate developments: a lender?s independent monitoring surveyor. Covers project structure, conflicts of interest, technical due diligence, financial close/contract completion, practical completion, and risk analysis. |
| 520 ## - SUMMARY, ETC. | |
| Summary, etc. | This document was reissued in September 2025 as practice information. It had previously been published in March 2015 as a guidance note. The regulatory requirements remain the same and no material changes have been made to the document. |
| 521 ## - TARGET AUDIENCE NOTE | |
| Target audience note | Advanced |
| 590 ## - LOCAL NOTE (RLIN) | |
| Local note | KA |
| 650 24 - SUBJECT ADDED ENTRY--TOPICAL TERM | |
| Topical term or geographic name entry element | MANAGEMENT-BUSINESS MANAGEMENT-FINANCIAL MANAGEMENT |
| 650 24 - SUBJECT ADDED ENTRY--TOPICAL TERM | |
| Topical term or geographic name entry element | REAL ESTATE INVESTMENT |
| 650 24 - SUBJECT ADDED ENTRY--TOPICAL TERM | |
| Topical term or geographic name entry element | BLACK BOOK |
| 650 24 - SUBJECT ADDED ENTRY--TOPICAL TERM | |
| Topical term or geographic name entry element | RICS QS AND CONSTRUCTION STANDARDS |
| 651 #4 - SUBJECT ADDED ENTRY--GEOGRAPHIC NAME | |
| Geographic name | United Kingdom |
| 690 ## - LOCAL SUBJECT ADDED ENTRY--TOPICAL TERM (OCLC, RLIN) | |
| Topical term or geographic name as entry element | Quantity surveying |
| 9 (RLIN) | 6263 |
| 700 1# - ADDED ENTRY--PERSONAL NAME | |
| Personal name | Davies, Eddie |
| 700 1# - ADDED ENTRY--PERSONAL NAME | |
| Personal name | Duck, Michael |
| 856 41 - ELECTRONIC LOCATION AND ACCESS | |
| Uniform Resource Identifier | <a href="https://www.rics.org/profession-standards/rics-standards-and-guidance/sector-standards/construction-standards/black-book/lenders-independent-monitoring-surveyor">https://www.rics.org/profession-standards/rics-standards-and-guidance/sector-standards/construction-standards/black-book/lenders-independent-monitoring-surveyor</a> |
| Public note | Overview page on RICS.org |
| 856 41 - ELECTRONIC LOCATION AND ACCESS | |
| Uniform Resource Identifier | <a href="https://www.rics.org/content/dam/ricsglobal/documents/standards/Lenders-Independent-Monitoring-Surveyor_1st-edition.pdf">https://www.rics.org/content/dam/ricsglobal/documents/standards/Lenders-Independent-Monitoring-Surveyor_1st-edition.pdf</a> |
| Public note | RICS Practice Information PDF |
| 942 ## - ADDED ENTRY ELEMENTS (KOHA) | |
| Suppress in OPAC | 0 |
| Source of classification or shelving scheme | Dewey Decimal Classification |
| Withdrawn status | Lost status | Source of classification or shelving scheme | Damaged status | Not for loan | Home library | Current library | Shelving location | Date acquired | Total Checkouts | Full call number | Barcode | Date last seen | Copy number | Price effective from | Koha item type |
|---|---|---|---|---|---|---|---|---|---|---|---|---|---|---|---|
| Dewey Decimal Classification | London | London | RICS Boxes | 22/03/2023 | RICS 2015/17 | 22/03/2023 | 22/03/2023 | Book | |||||||
| Dewey Decimal Classification | Virtual | Virtual | Online | 08/04/2015 | ONLINE PUBLICATION | 158512-2001 | 22/03/2023 | 1 | 06/08/2019 | Book |